| 000 | 00645nam a22001937a 4500 | ||
|---|---|---|---|
| 999 |
_c95623 _d95623 |
||
| 003 | NALT | ||
| 005 | 20210325220316.0 | ||
| 008 | 190116b th ||||| |||| 00| 0 tha d | ||
| 022 | _a08577617 | ||
| 040 | _aNALT | ||
| 041 | _atha | ||
| 100 | _cกรมวิทยาศาสตร์การแพทย์ กระทรวงวิทยาศาสตร์และเทคโนโลยี | ||
| 245 | _aวารสารกรมวิทยาศาสตร์บริการ | ||
| 310 | _aรายสี่เดือน | ||
| 850 | _aNALT | ||
| 942 |
_cJNR _s1 |
||
| 998 | _a่jintana | ||